| 000 | 00562nam a2200181 i 4500 | ||
|---|---|---|---|
| 001 | 81055 | ||
| 003 | ES-MaACL | ||
| 005 | 20250809063506.0 | ||
| 007 | t| | ||
| 008 | 041102s1960 sp ||||1| spa d | ||
| 100 | 1 |
_aHofmann, Werner, _d1928-2013 _963965 |
|
| 245 | 1 | 3 |
_aLa escultura en el siglo XX / _cWerner Hofmann ; traducción de Gabriel Ferrater. |
| 260 |
_aBarcelona : _bSeix Barral, _c1960. |
||
| 300 |
_a240 p., 25 lám. ; _c18 cm. |
||
| 700 | 1 |
_aFerrater, Gabriel. _950337 |
|
| 852 |
_aES-MaACL _jC-18795 _bR.46193 |
||
| 999 |
_c81055 _d81055 |
||